Changing faces (Record no. 10306)

MARC details
000 -CABECERA
campo de control de longitud fija 00793nam a2200229 a 4500
001 - NÚMERO DE CONTROL
campo de control BRL_1496
005 - FECHA Y HORA DE LA ÚLTIMA TRANSACCIÓN
campo de control 20190320211232.0
008 - DATOS DE LONGITUD FIJA--INFORMACIÓN GENERAL
campo de control de longitud fija 280114s1985----u--ao#####---#000-0#eng-#
041 ## - CÓDIGO DE LENGUA
Código de lengua del texto/banda sonora o título independiente eng
044 ## - CÓDIGO DEL PAÍS DE LA ENTIDAD EDITORA/PRODUCTORA
Código MARC del país u
050 #4 - SIGNATURA TOPOGRÁFICA DE LA BIBLIOTECA DEL CONGRESO
Número de clasificación F1219.3.M4
Número de documento/Ítem .J33 1985
100 1# - ENTRADA PRINCIPAL--NOMBRE DE PERSONA
Nombre de persona Jacobson, Lori
9 (RLIN) 27100
245 10 - MENCIÓN DE TÍTULO
Título Changing faces
Resto del título mexican masks in transition, McAllen International Museum, McAllen, Texas, april 3 - may 26, 1985
Mención de responsabilidad, etc. Lori Jacobson and Donald E. Fritz.
260 ## - PUBLICACIÓN, DISTRIBUCIÓN, ETC.
Lugar de publicación, distribución, etc. McAllen, Texas
Nombre del editor, distribuidor, etc. McAllen International Museum
Fecha de publicación, distribución, etc. 1985
300 ## - DESCRIPCIÓN FÍSICA
Extensión 96 p.
Otras características físicas il., fotografías (a color)
Dimensiones 28 cm.
Material acompañante/anejo + 1 poster (45 x 28 cm.)
500 ## - NOTA GENERAL
Nota general Au1773
504 ## - NOTA DE BIBLIOGRAFÍA, ETC.
Nota de bibliografía, etc. Bibliografía: p. 93-96.
650 14 - PUNTO DE ACCESO ADICIONAL DE MATERIA--TÉRMINO DE MATERIA
Término de materia o nombre geográfico como elemento de entrada Máscaras
Subdivisión de forma Exposiciones
Subdivisión geográfica México
9 (RLIN) 23518
700 1# - PUNTO DE ACCESO ADICIONAL--NOMBRE DE PERSONA
Nombre de persona Fritz, Donald E.
9 (RLIN) 27101
902 ## - CATALOGADOR
Iniciales GRL
942 ## - ELEMENTOS DE PUNTO DE ACCESO ADICIONAL (KOHA)
Fuente del sistema de clasificación o colocación Library of Congress Classification
Tipo de ítem Koha Libros
Holdings
Estado de retiro Estado de pérdida Estado dañado No para préstamo Localización permanente Ubicación/localización actual Fecha de adquisición Número de inventario Total de préstamos Signatura topográfica completa Código de barras Fecha visto por última vez Precio válido a partir de Tipo de ítem Koha
El ejemplar forma parte de la colección y puede ser consultado según las políticas vigentes.       Biblioteca Centro de Estudios Ruth D. Lechuga Biblioteca Centro de Estudios Ruth D. Lechuga 28/01/2014 Au1773   F1219.3.M4 .J33 1985 (Au1773) GRL01656 22/03/2019 22/03/2019 Libros